[Event "Frankfurt Ch 2006"]
[Site "Ffm-Kalbach, LAZ"]
[Date "2006.05.22"]
[Round "5.1"]
[White "Reschke, Stefan"]
[Black "Lisanti, Andre"]
[Result "1/2-1/2"]
[WhiteElo "2356"]
[BlackElo "2281"]
[PlyCount "53"]
[EventDate "2006.05.22"]

1. Nf3 c5 2. g3 g6 3. Bg2 Bg7 4. c4 Nc6 5. Nc3 e5 6. a3 Nge7 7. b4 d6 8. Rb1 b6
9. d3 h6 10. Bd2 Be6 11. O-O O-O 12. Qc1 Kh7 13. Nd5 Nxd5 14. cxd5 Bxd5 15.
Ng5+ hxg5 16. Bxd5 Nd4 17. Qd1 Rc8 18. e3 Nf5 19. Qb3 Rc7 20. Rfc1 Bf6 21. a4
Kg7 22. a5 Qd7 23. bxc5 bxc5 24. a6 Ne7 25. Bg2 Nc6 26. Qa4 Rfc8 27. Qa2
1/2-1/2

[Event "Frankfurt Ch 2006"]
[Site "Ffm-Kalbach, LAZ"]
[Date "2006.05.22"]
[Round "5.2"]
[White "Wahedi, Ahmad Siar"]
[Black "Telljohann, Sven"]
[Result "0-1"]
[WhiteElo "2206"]
[BlackElo "2377"]
[PlyCount "60"]
[EventDate "2006.05.22"]

1. e4 c5 2. Nf3 e6 3. d4 cxd4 4. Nxd4 Nf6 5. Nc3 d6 6. Be2 Be7 7. O-O O-O 8.
Be3 Nc6 9. Nb3 a6 10. a4 Na5 11. Nxa5 Qxa5 12. Qd2 Qc7 13. a5 Bd7 14. f4 Bc6
15. Bf3 Rac8 16. Bb6 Qb8 17. f5 Rfe8 18. Rad1 Nd7 19. Bh5 exf5 20. Rxf5 g6 21.
Rxf7 Kxf7 22. Qh6 Rh8 23. Rf1+ Nf6 24. Be2 Rcf8 25. e5 dxe5 26. Bc4+ Ke8 27.
Rd1 Nd7 28. Rxd7 Kxd7 29. Qh3+ Rf5 30. Bd3 e4 0-1

[Event "Frankfurt Ch 2006"]
[Site "Ffm-Kalbach, LAZ"]
[Date "2006.05.22"]
[Round "5.3"]
[White "Gramlich, Sebastian"]
[Black "Klundt, Klaus"]
[Result "0-1"]
[WhiteElo "2184"]
[BlackElo "2323"]
[PlyCount "102"]
[EventDate "2006.05.22"]

1. d4 Nf6 2. Bg5 d5 3. Bxf6 exf6 4. e3 Bd6 5. c4 dxc4 6. Bxc4 O-O 7. Nc3 Nd7 8.
Nge2 f5 9. Qc2 Nf6 10. h3 c6 11. O-O-O Qa5 12. g4 b5 13. Bb3 b4 14. Na4 Be6 15.
Kb1 Rac8 16. Nc5 Bxc5 17. Bxe6 fxe6 18. dxc5 Ne4 19. Nd4 Qxc5 20. Qxc5 Nxc5 21.
gxf5 exf5 22. Rc1 Nd3 23. Rxc6 Nxf2 24. Rh2 Rxc6 25. Nxc6 Ne4 26. Nxb4 g5 27.
Nd5 Kf7 28. Kc2 Ke6 29. Nb4 Rc8+ 30. Kd1 h5 31. Nc2 h4 32. Nd4+ Kf6 33. Ke2 Rc1
34. Kf3 Ke5 35. Rc2 Rg1 36. Rc7 g4+ 37. Ke2 Rg2+ 38. Kf1 Rxb2 39. hxg4 Ng3+ 40.
Kg1 fxg4 41. Rc2 Rb1+ 42. Kg2 Ne4 43. Ne2 Re1 44. Rb2 a6 45. Nf4 h3+ 46. Kh2
Rxe3 47. Ng6+ Kf6 48. Nf4 Kg5 49. Nd5 Re1 50. Rc2 Kh4 51. Nf4 g3# 0-1

[Event "Frankfurt Ch 2006"]
[Site "Ffm-Kalbach, LAZ"]
[Date "2006.05.22"]
[Round "5.4"]
[White "Legde, Georg"]
[Black "Brüggemann, Ludger"]
[Result "1-0"]
[WhiteElo "2311"]
[BlackElo "2158"]
[PlyCount "97"]
[EventDate "2006.05.22"]

1. d4 Nf6 2. c4 g6 3. Nf3 Bg7 4. g3 O-O 5. Bg2 d6 6. O-O Nbd7 7. Nc3 e5 8. e3
Re8 9. a4 a5 10. b3 Nh5 11. Ba3 e4 12. Nd2 f5 13. Qc2 Nhf6 14. Nb5 Nf8 15. Rad1
h5 16. d5 b6 17. b4 axb4 18. Bxb4 Bd7 19. Ra1 g5 20. Ra3 Ng6 21. a5 Nxd5 22.
cxd5 Bxb5 23. Rc1 Ne5 24. Qxc7 Nd3 25. Qxd8 Rexd8 26. Rb1 Bb2 27. Rxd3 Bxd3 28.
Rxb2 bxa5 29. Ba3 Rab8 30. Ra2 g4 31. Bf1 Rb5 32. Bxd3 exd3 33. e4 Rc8 34. Ra1
Rc2 35. Rd1 fxe4 36. Nxe4 Rb3 37. Bxd6 a4 38. Bc5 Kf7 39. d6 Ke6 40. Re1 Kd7
41. Nf6+ Kc6 42. d7 d2 43. Rd1 Rd3 44. Be3 Kc7 45. Kf1 Rc6 46. Bf4+ Kd8 47.
Rxd2 Rxd2 48. Bxd2 Rxf6 49. Bg5 1-0

[Event "Frankfurt Ch 2006"]
[Site "Ffm-Kalbach, LAZ"]
[Date "2006.05.22"]
[Round "5.5"]
[White "Malek, Daniel"]
[Black "Garbe, Ralf"]
[Result "0-1"]
[WhiteElo "2267"]
[BlackElo "2157"]
[PlyCount "48"]
[EventDate "2006.05.22"]

1. d4 Nf6 2. c4 c5 3. d5 b5 4. cxb5 a6 5. b6 d6 6. Nc3 g6 7. Nf3 Qxb6 8. e4 Bg4
9. Qa4+ Bd7 10. Qc2 Bg7 11. Nd2 Bb5 12. Nc4 Bxc4 13. Bxc4 Qb4 14. Qb3 Nbd7 15.
a3 Qxb3 16. Bxb3 O-O 17. Ke2 Rfc8 18. Rb1 c4 19. Bc2 Nc5 20. f3 Rab8 21. Bd2
Nfd7 22. Nd1 Nb3 23. Bc3 Nd4+ 24. Kd2 Bh6+ 0-1

[Event "Frankfurt Ch 2006"]
[Site "Ffm-Kalbach, LAZ"]
[Date "2006.05.22"]
[Round "5.6"]
[White "Solonar, Stefan"]
[Black "Diaz, Joaquin"]
[Result "1-0"]
[WhiteElo "2264"]
[BlackElo "2087"]
[PlyCount "33"]
[EventDate "2006.05.22"]

1. Nf3 f5 2. g3 Nf6 3. Bg2 g6 4. O-O Bg7 5. d3 O-O 6. e4 d6 7. e5 Ng4 8. exd6
cxd6 9. d4 e6 10. Re1 Re8 11. Nc3 Nh6 12. Bg5 Qb6 13. Nd5 Qc6 14. Ne5 dxe5 15.
Nf6+ Bxf6 16. Bxc6 Nxc6 17. Bxf6 1-0

[Event "Frankfurt Ch 2006"]
[Site "Ffm-Kalbach, LAZ"]
[Date "2006.05.22"]
[Round "5.7"]
[White "Kabir, Razaul"]
[Black "Isserman, Ryhor"]
[Result "0-1"]
[WhiteElo "2024"]
[BlackElo "2254"]
[PlyCount "86"]
[EventDate "2006.05.22"]

1. e4 d6 2. d4 Nf6 3. Nc3 g6 4. Be3 c6 5. Qd2 b5 6. f3 Qa5 7. Bd3 Nbd7 8. g4 b4
9. Nce2 c5 10. g5 Nh5 11. Ng3 cxd4 12. Bxd4 Bg7 13. Be2 Nxg3 14. Bxg7 Rg8 15.
hxg3 Rxg7 16. Qd4 Qe5 17. Qxe5 dxe5 18. O-O-O Bb7 19. Bb5 O-O-O 20. Bxd7+ Rxd7
21. Rxd7 Kxd7 22. Kd2 f6 23. Rh6 Kd6 24. Ke3 Bc8 25. g4 Be6 26. b3 Bg8 27. Nh3
Rf7 28. Kd3 Rf8 29. c4 a5 30. Nf2 Ra8 31. gxf6 exf6 32. Ke3 a4 33. Rh1 axb3 34.
axb3 Ra3 35. Rd1+ Kc6 36. Rd3 Be6 37. f4 g5 38. f5 Bf7 39. Kf3 Kc5 40. Ke2 Kc6
41. Kf3 h5 42. gxh5 Bxh5+ 43. Ng4 Ra1 0-1

[Event "Frankfurt Ch 2006"]
[Site "Ffm-Kalbach, LAZ"]
[Date "2006.05.22"]
[Round "5.8"]
[White "Völker, Sebastian"]
[Black "Loos, Roland"]
[Result "0-1"]
[WhiteElo "1992"]
[BlackElo "2307"]
[PlyCount "74"]
[EventDate "2006.05.22"]

1. e4 c5 2. Nf3 d6 3. d4 cxd4 4. Nxd4 Nf6 5. Nc3 e6 6. Be3 a6 7. f3 Nc6 8. Qd2
Nxd4 9. Bxd4 b5 10. O-O-O Qc7 11. g4 b4 12. Na4 Rb8 13. Qf2 Be7 14. Kb1 O-O 15.
g5 Nd7 16. h4 Ne5 17. b3 Bd7 18. Nb6 Bb5 19. f4 Nc6 20. Be3 Na5 21. f5 Bd8 22.
Nc4 Bxc4 23. Bxc4 Nxc4 24. bxc4 Qxc4 25. Rd4 Qc6 26. Rhd1 Bc7 27. Qe2 Rfd8 28.
f6 Bb6 29. Rc4 Qb5 30. g6 hxg6 31. fxg7 Kxg7 32. Rf1 Bxe3 33. Qf3 Rd7 34. Qf6+
Kg8 35. h5 Qxc4 36. hxg6 fxg6 37. Rh1 Rg7 0-1

[Event "Frankfurt Ch 2006"]
[Site "Ffm-Kalbach, LAZ"]
[Date "2006.05.22"]
[Round "5.9"]
[White "Schlamp, Robert"]
[Black "Bagatsch, Thomas"]
[Result "1-0"]
[WhiteElo "2228"]
[BlackElo "1979"]
[PlyCount "65"]
[EventDate "2006.05.22"]

1. e4 e5 2. Nf3 Nc6 3. Bb5 a6 4. Bxc6 dxc6 5. d4 exd4 6. Qxd4 Qxd4 7. Nxd4 Nf6
8. O-O Bc5 9. c3 O-O 10. f3 Be6 11. Be3 Rad8 12. Nd2 Bc8 13. b4 Be7 14. N2b3
Nd7 15. Nf5 Bf6 16. Bd4 Rfe8 17. Rad1 Kf8 18. Na5 Bxd4+ 19. cxd4 Nf6 20. Ne3
Re7 21. Rd3 g6 22. Rfd1 Kg7 23. a3 h6 24. Nec4 Rde8 25. Nd2 Rd8 26. Ndb3 Rde8
27. Kf2 Rd8 28. Nc5 b6 29. Nxc6 bxc5 30. Nxe7 c4 31. Rc3 Bb7 32. Rxc4 Rd7 33.
Nc6 1-0

[Event "Frankfurt Ch 2006"]
[Site "Ffm-Kalbach, LAZ"]
[Date "2006.05.22"]
[Round "5.10"]
[White "Sadeghi, Behrang"]
[Black "Matzies, Alexander"]
[Result "1-0"]
[WhiteElo "2168"]
[BlackElo "1894"]
[PlyCount "103"]
[EventDate "2006.05.22"]

1. e4 c5 2. c3 d5 3. exd5 Qxd5 4. d4 Nf6 5. Nf3 e6 6. Be2 Be7 7. O-O O-O 8. Qc2
Nc6 9. Rd1 cxd4 10. Nxd4 Nxd4 11. Rxd4 Qc6 12. Bf4 Bc5 13. Bf3 Qb6 14. Rd2 e5
15. Bxe5 Re8 16. Re2 Bg4 17. Nd2 Bxf3 18. Nxf3 Ng4 19. Bd4 Bxd4 20. Nxd4 Rxe2
21. Qxe2 Nf6 22. Qb5 Qc7 23. Re1 a6 24. Qg5 Re8 25. Rxe8+ Nxe8 26. Qg3 Qd7 27.
h3 Kf8 28. Qd3 Nf6 29. Qf5 Qc7 30. Qf3 Qd7 31. a3 Ne8 32. Qf5 Qxf5 33. Nxf5 g6
34. Ne3 Ke7 35. Kf1 Ke6 36. Ke2 h5 37. Kd3 Ke5 38. g3 Nf6 39. f4+ Ke6 40. Kd4
Kd6 41. c4 Nd7 42. c5+ Ke6 43. b4 Nb8 44. a4 Nd7 45. b5 axb5 46. axb5 Nf6 47.
g4 hxg4 48. hxg4 Ne8 49. Nd5 f6 50. Kc4 g5 51. Kd4 gxf4 52. Nxf4+ 1-0

[Event "Frankfurt Ch 2006"]
[Site "Ffm-Kalbach, LAZ"]
[Date "2006.05.22"]
[Round "5.11"]
[White "Seidel, Andre"]
[Black "Ahrends, Norbert"]
[Result "1/2-1/2"]
[WhiteElo "2094"]
[BlackElo "1884"]
[PlyCount "113"]
[EventDate "2006.05.22"]

1. d4 d5 2. Nf3 Nf6 3. e3 Bf5 4. c4 c6 5. Nc3 e6 6. cxd5 exd5 7. Be2 Bd6 8. O-O
O-O 9. a3 Nbd7 10. b4 Ne4 11. Bb2 Ndf6 12. Nxe4 Nxe4 13. b5 cxb5 14. Bxb5 a6
15. Ba4 Bg4 16. h3 Bxf3 17. Qxf3 Nd2 18. Qh5 Nxf1 19. Rxf1 Qa5 20. Bb3 Rfd8 21.
Rb1 Qb5 22. Bc2 g6 23. Qd1 Qd7 24. e4 Bf8 25. Qf3 Rac8 26. Bd3 Bg7 27. e5 b5
28. Qe2 Rc6 29. f4 Qe7 30. Rf1 Rdc8 31. Qf3 Rd8 32. g4 Bh6 33. g5 Bf8 34. h4 b4
35. axb4 Qxb4 36. Ba1 Rdc8 37. Qxd5 Rc1 38. e6 Rxf1+ 39. Bxf1 Qe7 40. Bc4 Rxc4
41. Qxc4 Qxe6 42. Qxe6 fxe6 43. Bc3 Bd6 44. Bd2 Bc7 45. Kf2 a5 46. Ke3 Kf7 47.
Ke4 Ke7 48. d5 a4 49. dxe6 Kxe6 50. Bc3 Bd6 51. h5 Ba3 52. f5+ gxf5+ 53. Kd3
Kf7 54. Bd2 Bd6 55. Kc4 f4 56. Bxf4 Bxf4 57. g6+ 1/2-1/2

[Event "Frankfurt Ch 2006"]
[Site "Ffm-Kalbach, LAZ"]
[Date "2006.05.22"]
[Round "5.12"]
[White "Behnick, Eckhard"]
[Black "Minor, Samuel"]
[Result "1/2-1/2"]
[WhiteElo "1962"]
[BlackElo "2092"]
[PlyCount "113"]
[EventDate "2006.05.22"]

1. Nf3 f5 2. c4 Nf6 3. Nc3 g6 4. d4 Bg7 5. Qc2 d6 6. e4 fxe4 7. Nxe4 Nxe4 8.
Qxe4 Nc6 9. Bd2 O-O 10. Be2 Bf5 11. Qe3 e5 12. dxe5 dxe5 13. Bc3 Nd4 14. O-O-O
Bh6 15. Bxd4 Bxe3+ 16. Bxe3 Qf6 17. c5 Be6 18. h4 Rad8 19. Rxd8 Qxd8 20. b3 Qf6
21. h5 Bd5 22. hxg6 hxg6 23. Ng5 Re8 24. Nh7 Qg7 25. Ng5 Re7 26. Kc2 Kf8 27.
Ne6+ Rxe6 28. Bh6 Bxg2 29. Bxg7+ Kxg7 30. Rh2 Bd5 31. a3 Rf6 32. Bd3 Rf3 33.
Kd2 c6 34. Ke2 e4 35. Bc2 Rc3 36. Kd2 Rxc5 37. Rh4 a5 38. Rg4 Rb5 39. f3 Bxb3
40. Bxe4 Bf7 41. Bc2 Rd5+ 42. Ke3 b5 43. Be4 Rc5 44. f4 Kf6 45. Rg1 Rc3+ 46.
Kd4 b4 47. axb4 axb4 48. Rg5 Rc4+ 49. Kd3 c5 50. Rg1 Rc3+ 51. Kd2 Ra3 52. Rg5
c4 53. Rb5 c3+ 54. Kd3 Rb3 55. Rb6+ Ke7 56. Rb7+ Ke6 57. Rxf7 {...} 1/2-1/2

[Event "Frankfurt Ch 2006"]
[Site "Ffm-Kalbach, LAZ"]
[Date "2006.05.22"]
[Round "5.13"]
[White "Schwenkreis, Thomas"]
[Black "Kinski, Sven"]
[Result "0-1"]
[WhiteElo "2090"]
[BlackElo "1798"]
[PlyCount "90"]
[EventDate "2006.05.22"]

1. b3 Nf6 2. Bb2 g6 3. Nf3 d6 4. e3 Bg7 5. Be2 O-O 6. d3 c5 7. Nbd2 Nc6 8. O-O
b6 9. c4 Bb7 10. a3 Qc7 11. Qc2 e6 12. Rac1 Rad8 13. Bc3 Ne7 14. Qb2 Nh5 15.
Bxg7 Nxg7 16. Qf6 d5 17. g4 Ne8 18. Qh4 f6 19. b4 dxc4 20. Rxc4 Bd5 21. Rc3
Bxf3 22. Nxf3 Nd5 23. Rc2 Qe7 24. bxc5 bxc5 25. Rfc1 Rc8 26. d4 Nd6 27. dxc5
Ne4 28. Nd4 Rxc5 29. Rxc5 Nxc5 30. Nc6 Qd6 31. Nxa7 Nb3 32. Nb5 Qe5 33. Rd1 f5
34. Bc4 Nxe3 35. fxe3 fxg4 36. Qg3 Qe4 37. Nc3 Qxc4 38. Qe5 Nd2 39. Kg2 Nf3 40.
Qe4 Qxc3 41. Qxe6+ Kg7 42. Rd7+ Kh6 43. Qe7 Qc2+ 44. Kg3 Qxh2+ 45. Kxg4 Qg2#
0-1

[Event "Frankfurt Ch 2006"]
[Site "Ffm-Kalbach, LAZ"]
[Date "2006.05.22"]
[Round "5.14"]
[White "Hoti, Safet"]
[Black "Svitek, Volker"]
[Result "0-1"]
[WhiteElo "1942"]
[BlackElo "2045"]
[PlyCount "118"]
[EventDate "2006.05.22"]

1. d4 d5 2. c4 c6 3. Nc3 Nf6 4. Nf3 dxc4 5. a4 Bf5 6. e3 e6 7. Bxc4 Bb4 8. O-O
O-O 9. Bd3 Bxd3 10. Qxd3 Nbd7 11. e4 e5 12. dxe5 Ng4 13. e6 Nde5 14. Nxe5 Nxe5
15. Qh3 Qd3 16. Qh5 Nc4 17. exf7+ Rxf7 18. Qe2 Qxe2 19. Nxe2 Bc5 20. Ng3 Ne5
21. Be3 Bxe3 22. fxe3 Nc4 23. Rxf7 Kxf7 24. b3 Nxe3 25. Re1 Nc2 26. Rd1 Ke6 27.
Kf2 Rf8+ 28. Ke2 c5 29. Nf5 g6 30. Rd6+ Ke5 31. Rd5+ Kxe4 32. Rxc5 Rxf5 33.
Rxc2 Rf7 34. b4 Kd5 35. Ke3 Re7+ 36. Kf3 b6 37. a5 bxa5 38. bxa5 Kd6 39. a6 Rc7
40. Rd2+ Kc5 41. g4 Kb6 42. Rd6+ Rc6 43. Rd7 h6 44. h4 Kxa6 45. g5 hxg5 46.
hxg5 Kb6 47. Ke4 a5 48. Rf7 a4 49. Rf3 Kb5 50. Kd4 Rc4+ 51. Kd3 Rg4 52. Rf8
Rxg5 53. Rb8+ Kc5 54. Rc8+ Kb4 55. Rc4+ Kb5 56. Rc1 Rg3+ 57. Kd4 a3 58. Rc2 g5
59. Re2 Kb4 0-1

[Event "Frankfurt Ch 2006"]
[Site "Ffm-Kalbach, LAZ"]
[Date "2006.05.22"]
[Round "5.15"]
[White "Rätsch, Kurt"]
[Black "Kreiling, Carsten"]
[Result "0-1"]
[WhiteElo "1890"]
[BlackElo "2018"]
[PlyCount "120"]
[EventDate "2006.05.22"]

1. e4 c5 2. Nf3 Nc6 3. c3 d5 4. exd5 Qxd5 5. Be2 e5 6. c4 Qd6 7. Nc3 Nf6 8. d3
h6 9. Be3 Bf5 10. Qb3 b6 11. Qa4 Bd7 12. Nb5 Qb8 13. Qb3 Be7 14. O-O O-O 15.
Rfe1 a6 16. Nc3 Qc7 17. Nd2 Rab8 18. a3 Rfd8 19. Nd5 Nxd5 20. cxd5 Nd4 21. Bxd4
exd4 22. Ne4 Re8 23. Qc2 Bd6 24. g3 f5 25. Nxd6 Qxd6 26. Bf3 Rxe1+ 27. Rxe1 Re8
28. Rxe8+ Bxe8 29. Bg2 Bf7 30. Qb3 b5 31. a4 Qb6 32. axb5 Qxb5 33. Qxb5 axb5
34. d6 Kf8 35. Bc6 b4 36. Kg2 Bb3 37. Kf3 g5 38. Bd7 c4 39. dxc4 Bd1+ 40. Kg2
f4 41. gxf4 d3 42. f3 d2 43. Kf2 Bc2 44. c5 d1=Q 45. fxg5 hxg5 46. Bg4 Qd4+ 47.
Ke2 Qxc5 48. d7 Ke7 49. h3 Bf5 50. Kd2 Bxg4 51. hxg4 b3 52. Kd3 Qc2+ 53. Kd4
Qxb2+ 54. Ke4 Qe2+ 55. Kf5 Qxf3+ 56. Kxg5 b2 57. Kh6 b1=Q 58. d8=Q+ Kxd8 59. g5
Ke7 60. g6 Qbh1+ 0-1

[Event "Frankfurt Ch 2006"]
[Site "Ffm-Kalbach, LAZ"]
[Date "2006.05.22"]
[Round "5.16"]
[White "Orwatsch, Gerhard"]
[Black "Matthis, Peter"]
[Result "1-0"]
[WhiteElo "2005"]
[BlackElo "1786"]
[PlyCount "87"]
[EventDate "2006.05.22"]

1. d4 Nf6 2. Nf3 g6 3. Bf4 Bg7 4. e3 d6 5. h3 O-O 6. Bc4 Nbd7 7. O-O Nh5 8. Bh2
h6 9. c3 c6 10. Qc2 Kh7 11. Nbd2 e5 12. dxe5 Nxe5 13. Be2 Nxf3+ 14. Nxf3 d5 15.
Rad1 Qe7 16. c4 Bf5 17. Qb3 Be6 18. Qc2 Bf5 19. Qc1 Be4 20. Nd2 Qg5 21. Nxe4
dxe4 22. Rd7 Be5 23. Bxe5 Qxe5 24. Rxb7 Rab8 25. Rxb8 Rxb8 26. b3 Rd8 27. Rd1
Rxd1+ 28. Qxd1 Nf6 29. Qd4 Qe7 30. b4 Kg8 31. b5 c5 32. Qd2 Nd7 33. a4 Kf8 34.
a5 Ke8 35. Qd5 Qe5 36. Qa8+ Ke7 37. Qxa7 Qa1+ 38. Bf1 Ke6 39. Qb7 f5 40. a6 Qa5
41. a7 Nb6 42. Qc6+ Kf7 43. Qxc5 Qxa7 44. Qd4 1-0

[Event "Frankfurt Ch 2006"]
[Site "Ffm-Kalbach, LAZ"]
[Date "2006.05.22"]
[Round "5.17"]
[White "Stricker, Konstantin"]
[Black "Graebner, Walter"]
[Result "0-1"]
[WhiteElo "1703"]
[BlackElo "1997"]
[PlyCount "92"]
[EventDate "2006.05.22"]

1. e4 c6 2. d4 d5 3. exd5 cxd5 4. Bd3 Nc6 5. c3 Nf6 6. Nf3 Bg4 7. O-O e6 8. Re1
Be7 9. Nbd2 O-O 10. Nf1 Rc8 11. Bc2 Qc7 12. Be3 b5 13. Rc1 Qb8 14. a3 a5 15. h3
Bh5 16. Ng3 Bg6 17. Bxg6 hxg6 18. Bd2 Nd7 19. Ne2 Nb6 20. Bf4 Qb7 21. Ne5 Nxe5
22. Bxe5 Nc4 23. Rb1 Qc6 24. Qd3 Nxe5 25. dxe5 Qc4 26. Qg3 Qa4 27. Red1 b4 28.
axb4 axb4 29. Nd4 bxc3 30. bxc3 Rc4 31. Qd3 Rfc8 32. Rdc1 Qa5 33. Ne2 Bc5 34.
Rb7 Re4 35. Qf3 Rf8 36. Nd4 Qa3 37. Rd1 Rxe5 38. Qg3 Bxd4 39. Rxd4 Re1+ 40. Kh2
Qc1 41. Qf3 Rh1+ 42. Kg3 Qg5+ 43. Rg4 Qe5+ 44. Kh4 Rc1 45. Rb3 f6 46. Rxg6 Kf7
0-1

[Event "Frankfurt Ch 2006"]
[Site "Ffm-Kalbach, LAZ"]
[Date "2006.05.22"]
[Round "5.18"]
[White "Hierling, Stefan"]
[Black "Uwira, Oliver"]
[Result "0-1"]
[WhiteElo "1923"]
[BlackElo "2169"]
[PlyCount "46"]
[EventDate "2006.05.22"]

1. e4 c5 2. Nc3 e6 3. Nf3 Nc6 4. d4 cxd4 5. Nxd4 Nf6 6. Nxc6 bxc6 7. e5 Nd5 8.
Ne4 Qc7 9. f4 Qb6 10. Qf3 f5 11. exf6 Nxf6 12. Bd3 d5 13. Nf2 Bc5 14. O-O O-O
15. Qe2 e5 16. Qxe5 Bxf2+ 17. Rxf2 Qxf2+ 18. Kxf2 Ng4+ 19. Kg1 Nxe5 20. fxe5 c5
21. c3 Bf5 22. Bb5 Be4 23. Be3 Rab8 0-1

[Event "Frankfurt Ch 2006"]
[Site "Ffm-Kalbach, LAZ"]
[Date "2006.05.22"]
[Round "5.19"]
[White "Stich, Christopher"]
[Black "Kayser, Felix"]
[Result "0-1"]
[WhiteElo "1921"]
[BlackElo "2083"]
[PlyCount "60"]
[EventDate "2006.05.22"]

1. e4 d5 2. d4 dxe4 3. Nc3 Nf6 4. Bg5 c6 5. Bxf6 exf6 6. Nxe4 Qb6 7. Qe2 Be6 8.
O-O-O Na6 9. Nh3 O-O-O 10. c3 Bxa2 11. b4 Bb3 12. Re1 Nxb4 13. Qb2 Na2+ 14. Kb1
a5 15. Bc4 a4 16. Bxb3 axb3 17. Nd2 Qa5 18. Re3 Qf5+ 19. Ka1 Kc7 20. Qxb3 Nxc3
21. Qxc3 Ra8+ 22. Kb2 Ba3+ 23. Kb3 Ra6 24. Nc4 Rha8 25. Qd3 Qd5 26. Nf4 Qb5+
27. Kc2 Bd6 28. Nxd6 Ra2+ 29. Kd1 Qb2 30. Nb5+ Kb6 0-1

[Event "Frankfurt Ch 2006"]
[Site "Ffm-Kalbach, LAZ"]
[Date "2006.05.22"]
[Round "5.20"]
[White "Wanie, Karsten"]
[Black "Bonsen, Andreas"]
[Result "0-1"]
[WhiteElo "2055"]
[BlackElo "1885"]
[PlyCount "64"]
[EventDate "2006.05.22"]

1. d4 d5 2. c4 c6 3. Nf3 e6 4. Nc3 f5 5. Bf4 Bd6 6. e3 Nf6 7. Bd3 O-O 8. O-O
Qe7 9. c5 Bxf4 10. exf4 Bd7 11. Ne5 Be8 12. b4 Nbd7 13. Nxd7 Bxd7 14. a4 b6 15.
a5 Ne4 16. Bxe4 fxe4 17. f3 bxc5 18. bxc5 Rxf4 19. fxe4 Rxf1+ 20. Qxf1 e5 21.
Qd3 exd4 22. Qxd4 dxe4 23. Nxe4 Rf8 24. Rf1 h6 25. Rxf8+ Kxf8 26. Qd6 Bf5 27.
Qb8+ Kf7 28. Nd6+ Kg6 29. Kf2 Qh4+ 30. Ke3 Qe1+ 31. Kd4 Qf2+ 32. Ke5 Qe3+ 0-1

[Event "Frankfurt Ch 2006"]
[Site "Ffm-Kalbach, LAZ"]
[Date "2006.05.22"]
[Round "5.21"]
[White "Schirmer, Karl-Heinz"]
[Black "Benninger, Rudolf"]
[Result "1/2-1/2"]
[WhiteElo "1805"]
[BlackElo "2019"]
[PlyCount "121"]
[EventDate "2006.05.22"]

1. d4 g6 2. e4 Bg7 3. c4 c5 4. d5 d6 5. Nc3 e6 6. Nf3 Ne7 7. Bd3 O-O 8. O-O e5
9. Bg5 h6 10. Bh4 g5 11. Bg3 f5 12. exf5 Nxf5 13. Nd2 Nd7 14. Nde4 Nf6 15.
Nxf6+ Bxf6 16. Qh5 Bg7 17. Ne4 Bd7 18. h3 Be8 19. Qg4 Bd7 20. Qh5 Qe8 21. Qxe8
Bxe8 22. Rab1 a5 23. b3 Rf7 24. Be2 Rd7 25. Bg4 Bg6 26. Rbe1 Rdd8 27. Bxf5 Bxf5
28. f3 a4 29. Rb1 axb3 30. axb3 b6 31. Ra1 Bf8 32. Rfc1 Be7 33. Bf2 Bd7 34. Be3
Kg7 35. Bd2 b5 36. Ba5 Rdc8 37. Bc3 Kg6 38. Rxa8 Rxa8 39. Ra1 Rxa1+ 40. Bxa1
bxc4 41. bxc4 Ba4 42. Bc3 Bb3 43. Nd2 Bc2 44. Ba5 h5 45. g4 hxg4 46. hxg4 Kf7
47. Kf2 Ke8 48. Ke3 Kd7 49. Ne4 Kc8 50. Nd2 Kb7 51. Ne4 Bb3 52. Nd2 Ba4 53. Ne4
Be8 54. Nd2 Ka6 55. Bc7 Kb7 56. Ba5 Kc8 57. Ne4 Ba4 58. Nd2 Kd7 59. Ne4 Bb3 60.
Nd2 Bc2 61. Ne4 1/2-1/2

[Event "Frankfurt Ch 2006"]
[Site "Ffm-Kalbach, LAZ"]
[Date "2006.05.22"]
[Round "5.22"]
[White "Czech, Ludwig"]
[Black "Noble, Fabian"]
[Result "1/2-1/2"]
[WhiteElo "2004"]
[BlackElo "1866"]
[PlyCount "41"]
[EventDate "2006.05.22"]

1. c4 d6 2. Nc3 e5 3. g3 Nc6 4. Bg2 g6 5. e4 Bg7 6. Nge2 f5 7. d3 Nf6 8. Nd5
Nxd5 9. cxd5 Ne7 10. O-O O-O 11. Be3 c5 12. dxc6 bxc6 13. Rc1 Bd7 14. d4 fxe4
15. Bxe4 d5 16. Bg2 Nf5 17. Qd2 Nxe3 18. fxe3 Qg5 19. dxe5 Qxe5 20. Nf4 Rae8
21. Rc3 1/2-1/2

[Event "Frankfurt Ch 2006"]
[Site "Ffm-Kalbach, LAZ"]
[Date "2006.05.22"]
[Round "5.23"]
[White "Mahnke, Ralf"]
[Black "Hupprich, Thorsten"]
[Result "1/2-1/2"]
[WhiteElo "1776"]
[BlackElo "2003"]
[PlyCount "145"]
[EventDate "2006.05.22"]

1. d4 Nf6 2. c4 g6 3. Nc3 Bg7 4. e4 d6 5. Be2 O-O 6. Nf3 e5 7. O-O exd4 8. Nxd4
Re8 9. f3 Nc6 10. Nxc6 bxc6 11. Qc2 Nd7 12. Bf4 Qf6 13. Bg3 Nc5 14. Rad1 h5 15.
f4 Qe7 16. Bf3 Bb7 17. Rfe1 Ne6 18. Qd3 h4 19. Bf2 Nxf4 20. Qd2 Be5 21. Kh1 Kg7
22. Rf1 Rh8 23. Bd4 c5 24. Be3 g5 25. Nd5 Bxd5 26. exd5 Rab8 27. b3 Rbe8 28.
Bxf4 Bxf4 29. Qa5 Qd7 30. Rde1 Rxe1 31. Rxe1 Re8 32. h3 Rxe1+ 33. Qxe1 Qf5 34.
Bd1 Be5 35. Qe2 Qf4 36. Kg1 Qh2+ 37. Kf1 Qh1+ 38. Kf2 Bd4+ 39. Kf3 Qh2 40. Ke4
Qf4+ 41. Kd3 Be5 42. Qe3 Qf1+ 43. Qe2 Qg1 44. Kd2 Bf4+ 45. Kc2 Qd4 46. Qd3 Qa1
47. Qc3+ Qxc3+ 48. Kxc3 Kf6 49. Kd3 Ke5 50. Bf3 Bh2 51. Ke3 f5 52. Be2 Bg1+ 53.
Kd3 Kf4 54. Bf3 Kg3 55. Ke2 g4 56. hxg4 fxg4 57. Be4 Bd4 58. Kf1 Kf4 59. Bd3 h3
60. gxh3 gxh3 61. Bc2 Kf3 62. Bd1+ Ke3 63. Bg4 h2 64. Kg2 Be5 65. a4 a5 66. Bd7
Kd4 67. Bb5 Kc3 68. Kh1 Kxb3 69. Kg2 Kc3 70. Kh1 Kd4 71. Kg2 Ke4 72. Bc6 Kf5
73. Kh1 1/2-1/2

[Event "Frankfurt Ch 2006"]
[Site "Ffm-Kalbach, LAZ"]
[Date "2006.05.22"]
[Round "5.24"]
[White "Von Auer, Ulrich"]
[Black "Bittner, Peter"]
[Result "1-0"]
[WhiteElo "1990"]
[BlackElo "1730"]
[PlyCount "120"]
[EventDate "2006.05.22"]

1. e4 e5 2. Nf3 f5 3. Nxe5 Qf6 4. d4 d6 5. Nc4 fxe4 6. Be2 d5 7. Ne3 c6 8. O-O
Bd6 9. f3 Qh4 10. g3 Qe7 11. fxe4 dxe4 12. Nc3 Nf6 13. Bc4 Bh3 14. Rxf6 Qxf6
15. Qh5+ g6 16. Qxh3 Qxd4 17. Qc8+ Ke7 18. Qe6+ Kd8 19. Qxe4 Be5 20. Kg2 Re8
21. Qxd4+ Bxd4 22. Ng4 Bxc3 23. Bg5+ Kc8 24. bxc3 Re4 25. Ne3 Nd7 26. Rd1 Kc7
27. Bf4+ Ne5 28. Bd3 Rxf4 29. gxf4 Nd7 30. Kf3 Rf8 31. Kg3 Nf6 32. Rf1 Re8 33.
Rf3 Ne4+ 34. Bxe4 Rxe4 35. c4 b5 36. cxb5 cxb5 37. Nd5+ Kc6 38. Nf6 Ra4 39.
Rc3+ Kd6 40. a3 a5 41. Nxh7 b4 42. axb4 axb4 43. Rd3+ Ke7 44. Kg4 Ra2 45. Rb3
Rxc2 46. Rxb4 Rxh2 47. Rb7+ Ke8 48. Kg5 Rf2 49. Nf6+ Kd8 50. Rd7+ Kc8 51. Rd4
Rg2+ 52. Kh6 Rg1 53. Ng8 Kc7 54. Ne7 Rg4 55. Nxg6 Kb6 56. Ne5 Rh4+ 57. Kg5 Rh1
58. f5 Kc5 59. Rd2 Rg1+ 60. Kf6 Rf1 1-0

[Event "Frankfurt Ch 2006"]
[Site "Ffm-Kalbach, LAZ"]
[Date "2006.05.22"]
[Round "5.26"]
[White "Enders, Georg"]
[Black "Branda, Ralf"]
[Result "1-0"]
[WhiteElo "1791"]
[BlackElo "2116"]
[PlyCount "95"]
[EventDate "2006.05.22"]

1. e4 c5 2. Nf3 d6 3. d4 cxd4 4. Nxd4 Nf6 5. Nc3 a6 6. Be3 Ng4 7. Qd2 Nxe3 8.
Qxe3 g6 9. Bc4 Qc7 10. Bb3 Nd7 11. O-O Bg7 12. Rad1 Ne5 13. Nd5 Qd8 14. Qg5 h6
15. Qg3 h5 16. h3 h4 17. Qe3 Bh6 18. Qc3 Kd7 19. Qb4 Ke8 20. Qc3 Kd7 21. a4 e6
22. f4 Nc6 23. Nxc6 bxc6 24. Nf6+ Kc7 25. Ng4 Bb7 26. Ne5 Bg7 27. Qa5+ Kb8 28.
Qb4 c5 29. Qd2 d5 30. Nxf7 Qb6 31. a5 Qa7 32. Kh1 Rf8 33. Ng5 c4 34. Bxc4 Rc8
35. Bb3 Bxb2 36. Nxe6 Bc3 37. Qd3 d4 38. e5 Bc6 39. Qxg6 Qe7 40. f5 Be4 41.
Nxd4 Qxe5 42. Qb6+ Bb7 43. Rf3 Bxa5 44. Qe6 Qxe6 45. fxe6 Bxf3 46. gxf3 Ra7 47.
Bd5 Bc3 48. Nc6+ 1-0

[Event "Frankfurt Ch 2006"]
[Site "Ffm-Kalbach, LAZ"]
[Date "2006.05.22"]
[Round "5.27"]
[White "Noble, Alexander"]
[Black "Fischer, Manfred"]
[Result "1-0"]
[WhiteElo "2008"]
[BlackElo "1779"]
[PlyCount "33"]
[EventDate "2006.05.22"]

1. e4 c5 2. Nc3 a6 3. f4 d6 4. a4 Nc6 5. Bc4 Nf6 6. Nf3 g6 7. O-O Bg7 8. f5 O-O
9. d3 gxf5 10. Qe1 e6 11. Qh4 Ng4 12. Bg5 Bf6 13. exf5 exf5 14. Rae1 Nd4 15.
Bxf6 Nxf3+ 16. Rxf3 Qxf6 17. Qxg4+ 1-0